LIBRARY & INFORMATION CENTRE, KCAET, TAVANUR

ONLINE PUBLIC ACCESS CATALOGUE (OPAC)

Hydraulics and irrigation engineering / (Record no. 10119)

MARC details
000 -LEADER
fixed length control field 00497cam a2200193ua 4500
041 ## - LANGUAGE CODE
Language code of text/sound track or separate title eng
082 ## - DEWEY DECIMAL CLASSIFICATION NUMBER
Classification number 627.52
Item number PAL/HY
100 ## - MAIN ENTRY--AUTHOR NAME
Personal name Palaniappan, T K .
245 ## - TITLE STATEMENT
Title Hydraulics and irrigation engineering /
250 ## - EDITION STATEMENT
Edition statement 3 /
260 ## - PUBLICATION, DISTRIBUTION, ETC. (IMPRINT)
Place of publication Coimbatore :
Name of publisher Pratheeba Publishers ,
Year of publication 1995.
300 ## - PHYSICAL DESCRIPTION
Number of Pages 293 ; .
700 1# - ADDED ENTRY--PERSONAL NAME
Personal name Marimuthu, V M .
942 ## - ADDED ENTRY ELEMENTS (KOHA)
Koha item type Books
Holdings
Withdrawn status Lost status Damaged status Home library Current library Date acquired Full call number Accession Number Koha item type
      KAUAET KAUAET 07/04/2012 627.52 PAL/HY 19327 Books
free website counter